| 000 | 00000nam 2200000za 4500 |
| 001 | 9.613392 |
| 003 | CaOODSP |
| 005 | 20250219111408 |
| 007 | ta |
| 008 | 150406|1997||||xxc||||| f|0| 0 eng d |
| 020 | |a0-662-25126-1 |
| 022 | |a1205-1616 |
| 040 | |aCaOODSP|beng |
| 043 | |an-cn--- |
| 086 | 1 |aR71-49/4-2E |
| 110 | 2 |aNorthern River Basins Study (Canada). |
| 245 | 10|aEffects of contaminants on aquatic organisms in the Peace, Athabasca and Slave river basins : |bsynthesis report / |cby J. H. Carey and O. T. R. Cordeiro. |
| 260 | |aEdmonton - Alberta : |bNorthern River Basins Study |c1997. |
| 300 | |avi, 57p. : |bfigs., graphs, maps, references, tables ; |c28 cm. |
| 490 | 1 |aSynthesis report|x1205-1616|vNo. 2 |
| 500 | |aContents: Introduction.--Basin-wide survey of biochemical indicators in wild fish.--Sediment toxicity testing.--Semi-permeable membrane devices.--Suitability of small fish species for environmental effects monitoring.--Conclusions and recommendations.--References. |
| 500 | |aIssued also in electronic format. |
| 563 | |aSoftcover |
| 590 | |a99-07|b1999-02-19 |
| 690 | 07|aContamination|2gcpds |
| 690 | 07|aMarine ecosystems|2gcpds |
| 690 | 07|aAquatic wildlife|2gcpds |
| 720 | 1 |aCarey, J. H. |
| 720 | 1 |aCordeiro, O. T. R. |
| 776 | 0#|tEffects of contaminants on aquatic organisms in the Peace, Athabasca and Slave River Basins / |w(CaOODSP)9.945675 |
| 830 | #0|aSynthesis report,|x1205-1616|vNo. 2|w(CaOODSP)9.514882 |